Introduction to business / (Record no. 9711)
[ view plain ]
| 000 -LEADER | |
|---|---|
| fixed length control field | 00693nam a2200229 4500 |
| 008 - FIXED-LENGTH DATA ELEMENTS--GENERAL INFORMATION | |
| fixed length control field | 221014b |||||||| |||| 00| 0 eng d |
| 017 ## - LEGAL DEPOSIT NUMBER | |
| Legal deposit number | 2018-1736 |
| 018 ## - LEGAL DEPOSIT YEAR | |
| LDD Year | 03-07-2018 |
| 020 ## - INTERNATIONAL STANDARD BOOK NUMBER | |
| ISBN | 9789785412833 |
| 040 ## - CATALOGING SOURCE | |
| Original cataloging agency | NLN |
| Language of cataloging | ENG |
| 100 ## - MAIN ENTRY--AUTHOR | |
| Author | AYAGA, Dennis |
| Relator term | aut |
| 245 ## - TITLE STATEMENT | |
| Title | Introduction to business / |
| Statement of responsibility, etc | Dennis Ayaga |
| 260 ## - PUBLICATION, DISTRIBUTION, ETC. (IMPRINT) | |
| Place of publication | Makuridi, Benue state (43, New Bridge (Otukpo) Road, P. O Box 4957): |
| Name of publisher | Gwatex publishers, |
| Date of publication | 2016 |
| 300 ## - COLLATION | |
| Pagination | xv,143p. ; |
| Other physical details | 22cm. |
| 500 ## - GENERAL NOTE | |
| General note | Bibliography: P.129-139 |
| 563 ## - BINDING INFORMATION | |
| Binding note | (PBK) |
| 650 ## - TRACINGS | |
| Main Subject | Business |
| Subdivision (1st) | Nigeria |
| 650 ## - TRACINGS | |
| Main Subject | Business enterprises |
| Subdivision (1st) | Nigeria |
| 942 ## - ADDED ENTRY ELEMENTS (KOHA) | |
| Item type | Books |
| 050 ## - LIBRARY OF CONGRESS CALL NUMBER | |
| Classification number | HF5001.N685 |
| Item number | A973 |
| 082 ## - DEWEY DECIMAL CLASSIFICATION NUMBER | |
| Classification number | 650.09669 |
| Source of classification or shelving scheme | Not for loan | Home library | Current library | Date acquired | Accession No. | Full call number | Barcode. | Koha item type |
|---|---|---|---|---|---|---|---|---|
| Library of Congress Classification | ABUJA LIBRARY BRANCH | National Library of Nigeria | 14/10/2022 | 237020 | HF5001.N685 A973 | 2022-4333 | Books | |
| Library of Congress Classification | UYO BRANCH | National Library of Nigeria | 14/10/2022 | 237019 | HF5001.N685 A973 | 2022-4334 | Books |
